membre de Dreamcatcher - Statistiques

Statistiques générales
  • Ce quiz a été pris 57 fois
  • Le résultat moyen est 7 sur 7
Statistiques - réponses
Par images Réponse % Correct
Dami
100%
Siyeon
100%
SuA
100%
Handong
98%
Gahyeon
95%
JiU
95%
Yoohyeon
93%
Aucun quiz correspondant
Distribution des résultats
% des personnes avec chaque résultat
Percentile par nombre de réponses
Votre historique - résultats
Vous n’avez pas pris ce quiz